Systems Analysis and Design with UML : (Record no. 16581)
[ view plain ]
| 000 -LEADER | |
|---|---|
| fixed length control field | 02005nam a2200385 a 4500 |
| 001 - CONTROL NUMBER | |
| control field | 015382625 |
| 003 - CONTROL NUMBER IDENTIFIER | |
| control field | Uk |
| 005 - DATE AND TIME OF LATEST TRANSACTION | |
| control field | 20100701144722.0 |
| 008 - FIXED-LENGTH DATA ELEMENTS--GENERAL INFORMATION | |
| fixed length control field | 090514s2010 njua b 001 0 eng|d |
| 020 ## - INTERNATIONAL STANDARD BOOK NUMBER | |
| International Standard Book Number | 0470400307 (pbk.) : |
| 020 ## - INTERNATIONAL STANDARD BOOK NUMBER | |
| International Standard Book Number | 9780470400302 (pbk.) : |
| 082 04 - DEWEY DECIMAL CLASSIFICATION NUMBER | |
| Classification number | 003 |
| Edition number | 22 |
| Item number | DEN |
| 100 1# - MAIN ENTRY--PERSONAL NAME | |
| Personal name | Dennis, Alan. |
| 9 (RLIN) | 29373 |
| 245 10 - TITLE STATEMENT | |
| Title | Systems Analysis and Design with UML : |
| Remainder of title | an Object-Oriented Approach / |
| Statement of responsibility, etc | Alan Dennis, Barbara Haley Wixom, David Tegarden. |
| 250 ## - EDITION STATEMENT | |
| Edition statement | 3rd ed., International student version. |
| 260 ## - PUBLICATION, DISTRIBUTION, ETC. (IMPRINT) | |
| Place of publication, distribution, etc | Hoboken, N.J. : |
| Name of publisher, distributor, etc | Wiley, |
| Date of publication, distribution, etc | c2010. |
| 300 ## - PHYSICAL DESCRIPTION | |
| Extent | xviii, 581 p. : |
| Other physical details | ill. ; |
| Dimensions | 26 cm. |
| 504 ## - BIBLIOGRAPHY, ETC. NOTE | |
| Bibliography, etc | Includes bibliographical references and index. |
| 650 #0 - SUBJECT ADDED ENTRY--TOPICAL TERM | |
| Topical term or geographic name as entry element | System analysis. |
| 9 (RLIN) | 29374 |
| 650 #0 - SUBJECT ADDED ENTRY--TOPICAL TERM | |
| Topical term or geographic name as entry element | System design. |
| 9 (RLIN) | 29375 |
| 650 #0 - SUBJECT ADDED ENTRY--TOPICAL TERM | |
| Topical term or geographic name as entry element | UML (Computer science) |
| 9 (RLIN) | 29376 |
| 653 ## - INDEX TERM--UNCONTROLLED | |
| Resource For college | |
| Arrived date list | March2012 |
| 700 1# - ADDED ENTRY--PERSONAL NAME | |
| Personal name | Wixom, Barbara Haley, |
| Dates associated with a name | 1969- |
| 9 (RLIN) | 29377 |
| 700 1# - ADDED ENTRY--PERSONAL NAME | |
| Personal name | Tegarden, David Paul. |
| 9 (RLIN) | 29378 |
| 942 ## - ADDED ENTRY ELEMENTS (KOHA) | |
| Source of classification or shelving scheme | Dewey Decimal Classification |
| Item type | Book - Borrowing |
| Withdrawn status | Item status | Source of classification or shelving scheme | Damaged status | Not for loan | Vendor | Home library | Current library | Shelving location | Date acquired | Source of acquisition | Total Checkouts | Full call number | Barcode | Date last seen | Koha item type | Total Renewals | Date last borrowed |
|---|---|---|---|---|---|---|---|---|---|---|---|---|---|---|---|---|---|
| Dewey Decimal Classification | Baccah | Central Library | Central Library | Lower Floor | 12/03/2012 | 003 DEN | 000026433 | 15/07/2025 | NB - Book (Non borrowing) | ||||||||
| Dewey Decimal Classification | Baccah | Central Library | Central Library | Lower Floor | 12/03/2012 | 003 DEN | 000026434 | 15/07/2025 | Book - Borrowing | ||||||||
| Dewey Decimal Classification | Baccah | Central Library | Central Library | Lower Floor | 12/03/2012 | 003 DEN | 000026435 | 15/07/2025 | Book - Borrowing | ||||||||
| Dewey Decimal Classification | Baccah | Central Library | Central Library | Lower Floor | 12/03/2012 | 003 DEN | 000026436 | 15/07/2025 | Book - Borrowing | ||||||||
| Dewey Decimal Classification | Baccah | Central Library | Central Library | Lower Floor | 12/03/2012 | 003 DEN | 000026437 | 15/07/2025 | Book - Borrowing | ||||||||
| Dewey Decimal Classification | Baccah | Central Library | Central Library | Lower Floor | 12/03/2012 | 1 | 003 DEN | 000026438 | 15/07/2025 | Book - Borrowing | 21 | 22/04/2017 | |||||
| Dewey Decimal Classification | Baccah | Central Library | Central Library | Lower Floor | 12/03/2012 | 003 DEN | 000026439 | 15/07/2025 | Book - Borrowing | ||||||||
| Dewey Decimal Classification | Baccah | Central Library | Central Library | Lower Floor | 12/03/2012 | 003 DEN | 000026440 | 15/07/2025 | Book - Borrowing |